000 01309nam a2200349 a 4500
001 000112371
003 CHAP
005 20220329144301.0
008 160307s2016 mx sm |||||||spa d
010 _a108832
011 _a109804
040 _cCHAP
090 _aTesis
100 1 _aContreras Corona, Raquel
_927474
245 1 0 _aCaracterización fitoquímica de Poutería glomerata, una planta utilizada para el tratamiento de la diabetes
_h[En línea]
_cpor Raquel Contreras Corona.
260 _aChapingo, Méx. :
_bEl autor,
_c2016.
500 _aPara ver el contenido del material haga clic en la liga
502 _aTesis (M.C. en Ciencias Forestales) -- UACH. División de Ciencias Forestales
590 _aBATCH
_b00
_c20181121
_lUCH01
_h0759
590 _aE11695DGD
_b10
_c20160308
_lUCH01
_h1341
590 _aE11695DGD
_b10
_c20160308
_lUCH01
_h1341
590 _aE5765TAJ
_b05
_c20160307
_lUCH01
_h1120
590 _aE5765TAJ
_b05
_c20160307
_lUCH01
_h1120
650 1 4 _aDiabetes
_xTratamiento.
_9129279
650 1 4 _aPouteria glomerata
_xFisiología y morfología.
_9130624
650 1 4 _aPouteria glomerata
_xUso terapeútico.
_9130623
856 _a1
_n0001683
856 _aFinding aid
_uhttp://10.13.5.2/tesis/sist112371.pdf
_zTeclea aquí
901 _aBK
942 _cTESIS
942 _n0
999 _c108832
_d108832